Word Scramble - Random Asian Megacities - Statistics

General Stats
  • This quiz has been taken 146 times
  • The average score is 8 of 10
Answer Stats
Country Answer % Correct
China Beijing
100%
Turkey Istanbul
100%
China Shanghai
90%
Japan Tokyo
89%
Indonesia Jakarta
86%
Thailand Bangkok
83%
India Mumbai
83%
China Guangzhou
80%
Philippines Manila
80%
South Korea Seoul
79%
Bangladesh Dhaka
78%
India Hyderabad
78%
India Delhi
75%
China Tianjin
75%
Japan Osaka
69%
India Bangalore
67%
India Chennai
67%
Pakistan Karachi
55%
India Kolkata
50%
Pakistan Lahore
50%
China Xiamen
50%
Iran Tehran
43%
Japan Nagoya
27%
No matching quizzes found
Score Distribution
Percent of People with Each Score
Percentile by Number Answered
Your Score History
You have not taken this quiz